|
|
|
|
| LEADER |
00928nam a2200241 a 4500 |
| 001 |
782206 |
| 008 |
090801s1972 enk b 001 0 eng d |
| 010 |
|
|
|a \\\73150745
|
| 020 |
|
|
|a 0333088964
|
| 020 |
|
|
|a 0333026152 (pbk)
|
| 040 |
|
|
|a DLC
|c DLC
|d DLC
|
| 082 |
0 |
0 |
|a 822/.3
|2 18
|
| 245 |
0 |
0 |
|a Jonson: "Volpone" :
|b a casebook /
|c edited by Jonas A. Barish.
|
| 260 |
|
|
|a London :
|b Macmillan,
|c 1972
|
| 300 |
|
|
|a 255 p. ;
|c 21 cm.
|
| 490 |
0 |
|
|a Casebook series
|
| 504 |
|
|
|a Includes bibliographical references and index.
|
| 541 |
1 |
|
|e 00009363
|
| 600 |
1 |
0 |
|a Jonson, Ben,
|d 1573?-1637.
|t Volpone
|x Handbooks, manuals, etc.
|
| 700 |
1 |
|
|a Barish, Jonas A.
|
| 852 |
4 |
|
|a Ayesha Abed Library
|j General shelf
|
| 999 |
|
|
|c 3722
|d 3722
|
| 952 |
|
|
|0 0
|1 0
|2 ddc
|4 1
|6 822_000000000000000__3_JON
|7 0
|9 3379
|a BRACUL
|b BRACUL
|c SPS
|d 2009-09-03
|g 0.00
|l 5
|m 11
|o 822.3 JON
|p 3010009363
|r 2015-05-10
|s 2015-05-10
|t 1
|w 2009-09-03
|y BK
|x No price found in the accession register.
|